=LDR 00000nam 2200000 4500 =001 INLIS000000000035177 =005 20130612141044 =008 ***********************************ind** =035 ##$$0010-061300000035177 =041 ##$$a ind =082 ##$$a 813 =090 ##$$a 813, Pri t =100 ##$$a Primasari, Prisca =245 ##$$a The falury tale hause, Prisca primasari;Penyunting Rani =260 ##$$a 18 cm $b Bandung =300 ##$$a xii,204 hlm, 18 cm =650 ##$$a Fiksi Indonesia =700 ##$$a Rani =850 ##$$a NBPNMAT